Managerial Accounting
Enregistré dans:
| Auteur principal: | |
|---|---|
| Autres auteurs: | , |
| Format: | Livre |
| Langue: | anglais |
| Publié: |
Cincinnati
South-Western Publ. Co.
1988
|
| Édition: | 7. ed. |
| Sujets: | |
| Tags: |
Pas de tags, Soyez le premier à ajouter un tag!
|
MARC
| LEADER | 00000nam a2200000 4500 | ||
|---|---|---|---|
| 001 | c002618 | ||
| 005 | 20221219121128.1 | ||
| 020 | |a 0-538-01962-X | ||
| 041 | 0 | |a eng | |
| 044 | |a US | ||
| 245 | 1 | 0 | |a Managerial Accounting |c Carl L. Moore, Lane K. Anderson, Robert K. Jaedicke |
| 250 | |a 7. ed. | ||
| 264 | 1 | |a Cincinnati |b South-Western Publ. Co. |c 1988 | |
| 300 | |a 897 s. | ||
| 610 | 2 | 0 | |a účtovníctvo |
| 610 | 2 | 0 | |a riadenie |
| 610 | 2 | 0 | |a manažment |
| 610 | 2 | 0 | |a náklady |
| 610 | 2 | 0 | |a klasifikácia |
| 610 | 2 | 0 | |a príjmy |
| 610 | 2 | 0 | |a kontrola |
| 610 | 2 | 0 | |a zisk |
| 610 | 2 | 0 | |a rozpočtovníctvo |
| 610 | 2 | 0 | |a plánovanie |
| 610 | 2 | 0 | |a rozhodovanie |
| 610 | 2 | 0 | |a investície |
| 610 | 2 | 0 | |a kapitál |
| 610 | 2 | 0 | |a účtovníctvo finančné |
| 610 | 2 | 0 | |a výkazy účtovné |
| 610 | 2 | 0 | |a cash flow |
| 100 | 1 | |a Moore, Carl L. | |
| 700 | 1 | |a Anderson, Lane K. | |
| 700 | 1 | |a Jaedicke, Robert K. | |